| 000 | 00636nam a2200205Ia 4500 | ||
|---|---|---|---|
| 003 | GCL | ||
| 008 | 140319s9999 xx 000 0 ara d | ||
| 040 |
_aGCL / _cGCL |
||
| 082 | 0 | 4 |
_a616.8 _bم ع |
| 100 | 1 | _aموجينس دام | |
| 245 | 1 | 0 |
_aالصرع وتشخيصة وعلاجة / _cموجينس دام |
| 700 | 1 | _aعبدالغفار عبدالمغيث تركستان | |
| 700 | 1 | _aبسيونى محمد عبده بسيونى | |
| 260 |
_a[S.N] : _bدار المريخ للنشر ، _c1987 |
||
| 300 | _a202 ص | ||
| 490 | _a | ||
| 650 | 0 | 4 | _aامراض الجهاز العصبى |
| 650 | 0 | 4 | _aالصرع |
| 942 |
_2ddc _cBK |
||
| 999 |
_c46640 _d46640 |
||